000 00518nam a2200205Ia 4500
003 OSt
005 20250822120927.0
008 250729s2006 xx 000 0 und d
020 _a978-0761934332
040 _cAL
041 _aeng
082 _a370 REII
100 _aReifeld Hartung
_9221786
245 _aIslamic education diversity and national identity
260 _aNew Delhi
_bSAGE Publisher
_c2006
300 _a331p
650 _aEducation
_9221787
700 _aPeter Jan
_9221788
942 _2ddc
_cBED
999 _c235176
_d235176